000 00333 a2200157 4500
001 159414
020 _a
040 _cMagnum
100 _aDimensao
240 1 0 _aPresenca pedagogica
_lpor
245 1 0 _aPresenca pedagogica
362 0 _a1899
440 1 _aDimensão
697 _aMAGNITO: MAGNITO SEM ÁREA E AS
942 _cBK
999 _c159414
_d159414